<?xml version="1.0" encoding="UTF-8"?><?xml-stylesheet type="text/xsl" href="static/style.xsl"?><OAI-PMH xmlns="http://www.openarchives.org/OAI/2.0/" xmlns:xsi="http://www.w3.org/2001/XMLSchema-instance" xsi:schemaLocation="http://www.openarchives.org/OAI/2.0/ http://www.openarchives.org/OAI/2.0/OAI-PMH.xsd"><responseDate>2026-04-14T04:40:34Z</responseDate><request verb="GetRecord" identifier="oai:www.recercat.cat:20.500.12327/2990" metadataPrefix="marc">https://recercat.cat/oai/request</request><GetRecord><record><header><identifier>oai:recercat.cat:20.500.12327/2990</identifier><datestamp>2025-10-22T11:06:04Z</datestamp><setSpec>com_2072_4428</setSpec><setSpec>com_2072_4427</setSpec><setSpec>col_2072_487898</setSpec></header><metadata><record xmlns="http://www.loc.gov/MARC21/slim" xmlns:dcterms="http://purl.org/dc/terms/" xmlns:xsi="http://www.w3.org/2001/XMLSchema-instance" xmlns:doc="http://www.lyncode.com/xoai" xsi:schemaLocation="http://www.loc.gov/MARC21/slim http://www.loc.gov/standards/marcxml/schema/MARC21slim.xsd">
   <leader>00925njm 22002777a 4500</leader>
   <datafield ind2=" " ind1=" " tag="042">
      <subfield code="a">dc</subfield>
   </datafield>
   <datafield ind2=" " ind1=" " tag="720">
      <subfield code="a">Guerao, Guillermo</subfield>
      <subfield code="e">author</subfield>
   </datafield>
   <datafield ind2=" " ind1=" " tag="720">
      <subfield code="a">Andree, Karl B.</subfield>
      <subfield code="e">author</subfield>
   </datafield>
   <datafield ind2=" " ind1=" " tag="720">
      <subfield code="a">Froglia, Carlo</subfield>
      <subfield code="e">author</subfield>
   </datafield>
   <datafield ind2=" " ind1=" " tag="720">
      <subfield code="a">Simeó, Carles G.</subfield>
      <subfield code="e">author</subfield>
   </datafield>
   <datafield ind2=" " ind1=" " tag="720">
      <subfield code="a">Rotllant, Guiomar</subfield>
      <subfield code="e">author</subfield>
   </datafield>
   <datafield ind2=" " ind1=" " tag="260">
      <subfield code="c">2011-03-30</subfield>
   </datafield>
   <datafield ind2=" " ind1=" " tag="520">
      <subfield code="a">Four species of crabs of the genus Maja have been described along the European coast: M. brachydactyla, M.&#xd;
squinado, M. goltziana and M. crispata. The commercially important species M. brachydactyla and M. squinado achieve&#xd;
the largest body sizes and are the most similar in morphology, and are therefore easily confused. The four species of Maja&#xd;
were identified using a novel morphometric index and a polymerase chain reaction followed by restriction fragment length&#xd;
polymorphism analysis (RFLP). The relationship between carapace length and the distance between the tips of antorbital&#xd;
spines was used to distinguish adults of M. brachydactyla and M. squinado. PCR-RFLP analysis of a partial sequence of&#xd;
the mitochondrial cytochrome oxidase type I (COI) revealed that the four species of the genus Maja can be unambiguously&#xd;
discriminated using the combination of restriction endonucleases enzymes HpyCH4V and Ase I. The molecular identification may be particularly useful in larvae, juvenile and young crabs, when the morphological differences found in adults are&#xd;
not applicable.</subfield>
   </datafield>
   <datafield ind1="8" ind2=" " tag="024">
      <subfield code="a">Guerao, Guillermo, Karl B. Andree, Carlo Froglia, Carles G. Simeó, and Guiomar Rotllant. 2011. “Identification of European Species of Maja (Decapoda: Brachyura: Majidae): RFLP Analyses of COI mtDNA and Morphological Considerations.” Scientia Marina 75 (1): 129–134. doi: 10.3989/scimar.2011.75n1129</subfield>
   </datafield>
   <datafield ind1="8" ind2=" " tag="024">
      <subfield code="a">0214-8358</subfield>
   </datafield>
   <datafield ind1="8" ind2=" " tag="024">
      <subfield code="a">http://hdl.handle.net/20.500.12327/2990</subfield>
   </datafield>
   <datafield ind1="8" ind2=" " tag="024">
      <subfield code="a">https://doi.org/10.3989/scimar.2011.75n1129</subfield>
   </datafield>
   <datafield ind2="0" ind1="0" tag="245">
      <subfield code="a">Identification of European species of Maja (Decapoda: Brachyura: Majidae): RFLP analyses of COI mtDNA and morphological considerations</subfield>
   </datafield>
</record></metadata></record></GetRecord></OAI-PMH>